00602 2200205 4500001002100000005001500021035002000036007000300056008004100059020002200100082001400122084002000136100002500156245006300181250002000244260006500264300003100329650002000360990001600380INLIS00000000000040820250711121708 a0010-0725000408ta250711 a 0 ind  a978-623-307-866-5 a741.559 8 a741.559 8 ZUD p0 aZuddi ichwan priyana1 aPerjalanan mencari biji kopi juria /cZuddi ichwan priyana aCetakan pertama aRawamangun :bBadan pengembangan dan pembinaan bahasa,c2021 a24 hlm. :bIlus. ;c29,7cm 4aKomik-indonesia aTBM03010301